Statistics for Bratislava Airport Destinations (Bratislava, Slovakia)

Click here to take the quiz!

General Stats

  • This quiz has been taken 42 times
  • The average score is 20 of 46

Answer Stats

AirlineDestination% Correct
Wizz AirLondon (Luton)
97%
RyanairLondon (Stansted)
97%
Aegean AirlinesAthens
86%
Air MontenegroPodgorica
76%
Air Cairo/SmartwingsHurghada
72%
Air Nostrum/Ryanair/SmartwingsPalma de Mallorca
72%
AirExplore/Corendon Airlines/Freebird Airlines/SmartwingsAntalya
69%
RyanairRome (Ciampino)
69%
RyanairThessaloniki
66%
SmartwingsKos
59%
RyanairManchester
59%
RyanairBergamo
55%
SmartwingsRhodes
55%
Ryanair/SmartwingsCorfu
52%
RyanairDublin
52%
SmartwingsHeraklion
52%
AirExplore/Smartwings/Tus AirwaysLarnaca
52%
Wizz AirSkopje
52%
RyanairMalta
48%
Air Cairo/SmartwingsMarsa Alam
48%
RyanairPaphos
48%
RyanairSofia
48%
SmartwingsTirana
48%
European Air Charter/Ryanair/SmartwingsBurgas
45%
SmartwingsZakynthos
45%
RyanairEdinburgh
41%
RyanairZagreb
41%
SmartwingsAlmeria
34%
SmartwingsCatania
34%
Ryanair/SmartwingsDalaman
34%
SmartwingsIzmir
34%
RyanairLeeds/Bradford
28%
SmartwingsMenorca
28%
RyanairAlghero
24%
RyanairCharleroi
24%
SmartwingsAqaba
21%
SmartwingsDjerba
21%
RyanairEindhoven
21%
RyanairLanzarote
17%
SmartwingsMonastir
17%
RyanairKaunas
14%
SmartwingsSal
14%
RyanairTrapani
7%
Sky AlpsBrac
3%
SmartwingsDakar (Diass)
3%
SmartwingsSalalah
3%

Score Distribution

Percentile by Number Answered

Percent of People with Each Score

Your Score History

You have not taken this quiz